[Event "V Sunway Sitges Open 2018"]
[Site "Sitges"]
[Date "2018.12.14"]
[Round "1"]
[White "Sorensen, Hampus"]
[Black "Liang, Awonder"]
[Result "0-1"]
[WhiteElo "2219"]
[BlackElo "2589"]
[Annotator "TA"]
[PlyCount "118"]
[EventDate "2018.12.14"]
[EventType "swiss"]
[EventCountry "ESP"]
[SourceTitle "playchess.com"]
[Source "ChessBase"]
[SourceQuality "1"]

{[%evp 13,118,3,-5,-19,-27,-11,-28,-24,-16,-16,0,0,22,0,21,17,19,20,16,19,12,0,0,0,0,-20,-27,-27,14,-24,-3,-29,-20,-41,-24,-74,-33,-50,-46,-69,-65,-47,0,0,0,0,0,0,0,-76,-17,-76,-74,-119,-117,-116,-110,-104,-92,-85,-91,-91,-76,-127,-135,-134,0,-82,-77,-97,-64,-225,-225,-218,-217,-293,-291,-447,-433,-438,-429,-730,-715,-749,-719,-742,-730,-708,-684,-702,-627,-1466,-1684,-1768,-1593,-2443,-2373,-2098,-1789,-3232,-3131,-29968,-5106,-29982,-29983,-29985,-29986]} 1. d4 Nf6 2. c4 e6 3. Nf3 a6 4. g3 b5 5. Nbd2 (5. b3 Bb7 6. Bg2 c5 7. d5 exd5 8. Nh4 Ne4 9. cxd5 Qf6 10. Bxe4 Qxa1 11. Qc2 d6 12. O-O {1-0 (56) Salem,A (2638)-Khismatullin,D (2632) Riadh 2017}) 5... Bb7 6. Bg2 {E10: Blumenfeld Gambit} c5 7. O-O cxd4 {LiveBook: 3 Games} 8. Nxd4 {The position is equal.} Bxg2 9. Kxg2 Qb6 $146 ({Predecessor:} 9... Qc7 10. cxb5 axb5 11. Qb3 b4 12. Qf3 {½-½ (45) Chmelik,J (2083)-Loucek,V (2290) Pardubice 2007}) 10. N4f3 Be7 11. a4 {Threatens to win with axb5.} bxc4 12. Nxc4 Qc6 13. Na5 Qc7 14. Bd2 O-O 15. Rc1 Qb6 16. Nc4 Qb7 17. Na5 Qxb2 18. Bc3 Qb6 19. Nc4 Qb7 20. Bxf6 gxf6 21. Rb1 Qe4 22. Ncd2 Qc6 23. Qb3 Qc7 24. Qb7 Ra7 25. Qe4 Nc6 26. Rfc1 f5 27. Qc4 Rc8 28. e4 fxe4 29. Qxe4 Bf6 30. Qg4+ Bg7 $1 31. Qh5 (31. Ne4 $11) 31... h6 (31... d5 $17) 32. Rc4 (32. Nc4 $11) 32... Qd8 33. Rbc1 {[#]} Rac7 $1 34. Rg4 f5 35. Rgc4 Qe8 36. Qxe8+ Rxe8 37. Nb3 Rec8 38. Nbd4 (38. Nfd4 $142) 38... Kf7 $17 39. h3 h5 ({Black should try} 39... Ke7 $17 40. Ne2 Kd8) 40. h4 (40. Ng5+ $11 {remains equal.} Ke7 {[#]} 41. Ngxe6 $1 {[%mdl 512]} dxe6 42. Nxc6+ Kf6 43. f4) 40... Ke7 41. R1c2 Kf6 (41... Bxd4 {keeps more tension.} 42. Nxd4 Kd8 43. Rd2 Nxd4 44. Rcxd4 Ke7) 42. Nxc6 $2 (42. Ng5 $15) 42... Rxc6 $19 43. Rxc6 Rxc6 ({Don't do} 43... dxc6 44. Ng5 $17) 44. Rxc6 dxc6 $15 {[%mdl 4096] Endgame KB-KN} 45. Kf1 (45. Ne1 $142) 45... e5 $19 {[%cal Be6e5,Be5e4][%mdl 32]} 46. Ne1 Ke6 47. Nc2 (47. Nd3 $142 Bf8 48. Ke2) 47... c5 48. Ke2 e4 49. Ne3 Bh6 50. Nc4 Kd5 51. Nb6+ Kd4 52. Kd1 e3 53. fxe3+ Bxe3 54. Ke2 Bh6 55. Nd7 c4 {[%cal Bc5c4,Bc4c3][%mdl 32]} 56. Kd1 Bg7 57. Nb8 Be5 (57... Kd3 $142 58. Ke1 c3 59. Nc6 a5 60. Nxa5 c2 61. Nb3 Bh6 62. a5 Kc3 63. Ke2 Kxb3 64. Kd3 Bg7 65. g4 hxg4 66. Kd2 Bh6+ 67. Ke2 c1=Q 68. Kf2 Be3+ 69. Ke2 Qd2+ {[%mdl 64] Double Attack} 70. Kf1 Qf2#) 58. Nxa6 Bd6 59. Kc2 c3 {Accuracy: White = 22%, Black = 70%.} 0-1

[Event "V Sunway Sitges Open 2018"]
[Site "Sitges"]
[Date "2018.12.14"]
[Round "1"]
[White "Fernandez De Bobadilla, Gabriel"]
[Black "Santos Latasa, Jaime"]
[Result "0-1"]
[WhiteElo "2196"]
[BlackElo "2584"]
[Annotator "TA"]
[PlyCount "72"]
[EventDate "2018.12.14"]
[EventType "swiss"]
[EventCountry "ESP"]
[SourceTitle "playchess.com"]
[Source "ChessBase"]
[SourceQuality "1"]

{[%evp 17,72,25,25,6,49,26,36,32,23,6,22,26,26,27,25,27,5,16,25,18,19,15,21,18,14,16,24,-25,-25,-52,-45,-53,-46,-46,-39,-40,-32,-38,-40,-78,-79,-71,-68,-139,-180,-176,-138,-242,-229,-1379,-1347,-1373,-1357,-1357,-1304,-1301,-1273]} 1. d4 Nf6 2. c4 g6 3. Nc3 Bg7 4. e4 d6 5. h3 O-O 6. Be3 c5 7. Nf3 cxd4 8. Nxd4 a6 {E90: King's Indian: Classical: Early deviations and 6 h3} 9. Be2 b6 {LiveBook: 3 Games} 10. Bf3 Ra7 $146 {The position is equal.} ({Predecessor:} 10... Bb7 11. e5 Bxf3 12. Nxf3 dxe5 13. Qxd8 Rxd8 14. Bxb6 Rc8 15. Nd2 Nfd7 16. Be3 {1-0 (64) Jones,G (2666)-Perez Candelario,M (2611) Linares 2018}) 11. Qb3 Nfd7 12. O-O Bb7 13. a4 Nc5 14. Qa3 a5 15. Ndb5 Ra8 16. Rad1 Nc6 17. Nd5 Rc8 18. Bg5 h6 19. Be3 Kh7 20. Bg4 Rb8 21. f4 Nb4 {Threatens to win with ...Bxd5.} 22. Bxc5 bxc5 23. e5 Bxd5 24. cxd5 dxe5 {...f5 is the strong threat.} 25. f5 Qb6 26. d6 c4+ 27. Kh1 exd6 28. Rxd6 Qc5 $1 $36 {[%mdl 2048] Strongly threatening ...Rxb5. Black has strong initiative.} 29. Rd7 {[#] Hoping for f6.} Rbd8 $1 {[%cal Rd8d7]} 30. Rfd1 (30. Rb7 $15) 30... Rxd7 $17 31. Rxd7 {[#]} e4 $1 32. fxg6+ (32. Nd6 $17 Qd4 33. Nxf7) 32... fxg6 $19 {White must now prevent ...Rf1+.} 33. Qc3 $2 (33. Be2 Qf5 34. Rb7) 33... Rf1+ {Black is clearly winning.} 34. Kh2 Qg1+ 35. Kg3 Qf2+ 36. Kh2 Qf4+ {Precision: White = 46%, Black = 75%.} 0-1

[Event "V Sunway Sitges Open 2018"]
[Site "Sitges"]
[Date "2018.12.14"]
[Round "1"]
[White "Asensio Linan, Teodoro"]
[Black "Nihal, Sarin"]
[Result "0-1"]
[WhiteElo "2191"]
[BlackElo "2576"]
[Annotator "TA"]
[PlyCount "62"]
[EventDate "2018.12.14"]
[EventType "swiss"]
[EventCountry "ESP"]
[SourceTitle "playchess.com"]
[Source "ChessBase"]
[SourceQuality "1"]

{[%evp 28,62,6,0,45,39,33,36,41,49,99,17,22,-8,0,-60,-44,-35,0,-4,0,-85,-80,-298,-298,-298,-298,-296,-287,-293,-282,-754,-755,-752,-757,-687,-686]} 1. e4 c5 2. Nf3 e6 3. Nc3 Nc6 4. d4 cxd4 5. Nxd4 Qc7 6. g3 a6 7. Bg2 Nf6 8. O-O Nxd4 9. Qxd4 Bc5 10. Bf4 d6 11. Qd3 h6 12. Na4 {B47: Sicilian: Taimanov: 5 Nc3 Qc7 6 f4, 6 g3 and 6 Be2} (12. Rad1 e5 13. Be3 Be6 14. Bxc5 dxc5 15. Nd5 Bxd5 16. exd5 Qd6 {½-½ (16) Simacek,P (2504)-Michalik,P (2549) Czech Republic 2018}) 12... e5 13. Nxc5 exf4 14. Nb3 fxg3 15. hxg3 {LiveBook: 4 Games} O-O 16. Rad1 Rd8 17. e5 Ne8 $1 18. Qe4 Rb8 $146 {[#]} ({Predecessor:} 18... dxe5 19. Rxd8 Qxd8 20. Qxe5 {1-0 (43) Podgaets,M-Vaganian,R Soviet Union 1971}) 19. Rd2 (19. exd6 $1 $16 Nxd6 20. Qf4) 19... Be6 $11 20. Nd4 Bxa2 21. f4 (21. e6 $11 Nf6 22. exf7+ Bxf7 23. Qf4) 21... Bc4 {Hoping for ...dxe5.} 22. Rff2 Rd7 23. b3 dxe5 24. fxe5 (24. Qxe5 $11 {remains equal.} Rbd8 25. bxc4 Rxd4 26. Rxd4 Qxe5 27. fxe5 Rxd4 28. Bd5) 24... Bd5 $36 {[%mdl 2048] Black is in control.} 25. Qxd5 $2 (25. Qg4 $17 {was called for.} Bxg2 26. Kxg2) 25... Rxd5 $19 26. Bxd5 Qxe5 27. Bxf7+ Kh8 28. Kg2 {[#] Rfe2 is the strong threat.} Nf6 {White must now prevent ...Ne4.} 29. Ne2 $2 (29. Rfe2 Ne4 {[%mdl 64] Double Attack} 30. Rd3) 29... Ne4 {Black is clearly winning.} 30. Rd5 Qe7 31. Rff5 Nf6 {Accuracy: White = 25%, Black = 68%.} 0-1

[Event "V Sunway Sitges Open 2018"]
[Site "Sitges"]
[Date "2018.12.14"]
[Round "1"]
[White "Movileanu, Daniela"]
[Black "Xu, Xiangyu"]
[Result "1/2-1/2"]
[WhiteElo "2180"]
[BlackElo "2565"]
[Annotator "TA"]
[PlyCount "97"]
[EventDate "2018.12.14"]
[EventType "swiss"]
[EventCountry "ESP"]
[SourceTitle "playchess.com"]
[Source "ChessBase"]
[SourceQuality "1"]

{[%evp 19,97,25,24,5,48,-14,-14,-14,4,4,16,6,32,-23,-20,0,0,-23,-27,-56,-39,-35,-54,-145,0,0,0,-66,-60,-175,-110,-227,-244,-466,-424,-373,-95,-129,-122,-133,0,13,26,22,79,77,75,63,83,80,84,26,54,0,110,103,97,103,108,109,97,58,87,87,87,87,95,95,97,95,95,95,102,104,108,0,105,0,117,0]} 1. e4 c5 2. Nf3 Nc6 3. d4 cxd4 4. Nxd4 Nf6 5. Nc3 d6 6. Bg5 e6 7. Qd2 a6 8. Nxc6 bxc6 9. O-O-O h6 10. Bf4 d5 {LiveBook: 442 Games} 11. f3 {B66: Sicilian: Richter-Rauzer: 7...a6 8 0-0-0 h6} (11. Qe3 Bb4 12. Be2 O-O 13. e5 Nd7 14. Qg3 Kh8 15. Qh3 Kg8 16. Rd3 Be7 17. Rg3 Bh4 18. Bxh6 g6 19. Rg4 Bxf2 20. Rf1 Bc5 21. Bg5 Be7 22. Bxe7 Qxe7 23. Qh6 Nxe5 24. Rh4 {1-0 (24) Wang,H (2709)-Ivanchuk,V (2726) Huaian 2017}) 11... Be7 12. Qe3 $146 (12. h4 $14) ({Predecessor:} 12. Kb1 Nd7 13. Na4 O-O 14. h4 e5 15. Bxh6 gxh6 16. Qxh6 Bf6 17. Rh3 Bg7 18. Qxc6 Rb8 19. Qxd5 {0-1 (57) Bernal Varela,N (2105)-Pascual Perez,N (2260) LSS email 2012}) 12... O-O $11 13. g4 {The position is equal.} Re8 14. h4 Nd7 15. Bg3 Bb7 16. Kb1 (16. g5 $14) 16... c5 17. exd5 exd5 18. Qd3 d4 19. Ne4 Nf6 $1 20. Nxf6+ Bxf6 21. Bg2 ({Better is} 21. Qb3 $1 $15 Bd5 22. Bc4) 21... Be5 ({Black should try} 21... Bd5 $17 {Threatens to win with ...c4.} 22. g5 Re3) 22. Bxe5 Rxe5 23. g5 (23. f4 $1 $11 Bxg2 24. fxe5) 23... Qb6 24. Rde1 (24. f4 $15 Re3 25. Qf1) 24... Rae8 (24... c4 $19 25. Qxc4 Bd5) 25. Qd2 (25. Rxe5 $17 {is the only way for White.} Rxe5 26. Qf1) 25... Re3 $19 26. Rhg1 $2 (26. gxh6 {was necessary.} Qxh6 27. Rd1) 26... hxg5 27. hxg5 Qg6 $2 (27... c4 $19 {is more deadly. Strongly threatening ...c3.} 28. b3 d3 29. cxd3 cxb3 30. Rxe3 Rxe3) 28. Rc1 Qd6 ({Don't play} 28... Qxg5 29. f4 $1 $15 {[%mdl 512]}) ({Reject} 28... Bxf3 $6 29. Bxf3 Rxf3 30. Qh2 $11) 29. Qa5 Qh2 (29... c4 $17 30. g6 fxg6) 30. g6 $11 fxg6 31. Bf1 $1 {[%cal Bg2f1,Bf1c4,Bc4f7][%mdl 32] Hoping for Bc4+.} Bxf3 (31... Qd6 $11 {remains equal.}) 32. Bc4+ $16 Kh8 33. Bf7 Rf8 34. Bxg6 Qd6 35. Qd2 (35. Rg5 $16) 35... Kg8 {With the idea ...c4.} 36. Rg5 (36. Bd3 $14) 36... Be4 (36... c4 $11 37. Qa5 Rf6) 37. Bxe4 Rxe4 38. Qg2 Re7 {[#]} 39. Rg1 $1 {[%cal Rg5g7]} Qd7 40. Rxc5 {aiming for Rh5.} d3 41. cxd3 Qxd3+ 42. Ka1 Rfe8 {[#]} 43. Rcc1 $1 Qd4 44. Rcd1 Qe4 45. Qg3 Qe5 46. Qb3+ Qe6 47. Qg3 Qe5 $1 48. Qb3+ Qe6 49. Qg3 {Accuracy: White = 43%, Black = 44%.} (49. Qb4 $16) 1/2-1/2

[Event "V Sunway Sitges Open 2018"]
[Site "Sitges"]
[Date "2018.12.14"]
[Round "1"]
[White "Linsenmeyer, Mario"]
[Black "Kadric, Denis"]
[Result "0-1"]
[WhiteElo "2172"]
[BlackElo "2554"]
[Annotator "TA"]
[PlyCount "98"]
[EventDate "2018.12.14"]
[EventType "swiss"]
[EventCountry "ESP"]
[SourceTitle "playchess.com"]
[Source "ChessBase"]
[SourceQuality "1"]

{[%evp 17,98,0,46,30,37,44,52,43,30,-53,-40,-31,-6,6,0,0,16,0,62,72,18,-14,-7,-29,-32,-41,-13,-1,-20,-60,-64,-83,-66,-62,-53,-70,-72,-95,-90,-91,-89,-89,-76,-73,-79,-73,-73,-121,-126,-193,-120,-147,-151,-145,-144,-128,-81,-85,-35,-43,0,-164,-146,-144,-152,-204,-199,-312,-300,-343,-341,-322,-353,-451,-179,-148,-169,-116,-118,-331,-213,-1343,-1276]} 1. e4 g6 2. d4 Bg7 3. c4 d6 4. Nf3 Nd7 5. Nc3 e5 6. Be2 Nh6 7. O-O O-O 8. Re1 c6 {A42: Modern Defence: Averbakh Variation} 9. Bf1 f6 {LiveBook: 5 Games} 10. b4 Nf7 {White has an edge.} 11. Be3 $146 ({Predecessor:} 11. b5 Re8 12. Rb1 f5 13. bxc6 bxc6 14. dxe5 Ndxe5 15. Nd4 c5 16. Nc2 {0-1 (51) Farago,I (2500)-Peev,P (2460) Albena 1977}) 11... f5 12. exf5 gxf5 13. dxe5 (13. Rc1 $1 $11) 13... dxe5 $15 {[%cal Bd6e5,Be5e4][%mdl 32]} 14. Qb3 e4 15. Nd4 Nde5 16. Rad1 {And now Nxf5! would win.} Qf6 17. Nce2 Nd3 (17... a5 $11) 18. Rxd3 $1 $14 exd3 19. Qxd3 Ne5 $36 {[%mdl 2048] White is under pressure.} 20. Qc2 Ng6 21. Nf3 Qb2 22. Qxb2 Bxb2 23. Bd4 Bxd4 24. Nexd4 Bd7 25. c5 Rae8 26. Bc4+ Kg7 27. Be6 Bc8 28. Bxc8 Rxe1+ 29. Nxe1 Rxc8 30. Nxf5+ $17 {[%mdl 4096] Endgame KRN-KNN} Kf6 31. Nd6 Rb8 {[%mdl 1024] Black has strong compensation.} 32. Nd3 Ne5 33. Nf4 (33. Nc1 $17 {keeps fighting.}) 33... Nf7 ({Black should play} 33... b6 $19 {Strongly threatening ...bxc5.} 34. h3 bxc5 35. bxc5 Rb2 36. Nh5+ Ke7) 34. Nh5+ Ke7 35. Nf5+ Ke6 36. Nfg7+ Ke5 37. f4+ Kd4 38. Nf6 h6 39. Ne6+ $2 (39. h4 $11 {and White has nothing to worry.}) 39... Kc4 40. g4 Kxb4 41. h4 (41. Ne4 $17) 41... Ka3 42. g5 {[#]} (42. Kf1 $142) 42... hxg5 $1 $19 43. fxg5 Kxa2 44. g6 {[#]} Nh6 $1 45. g7 b5 $2 (45... a5 46. Nf8 Rc8) 46. cxb6 Rxb6 {Threatens to win with ...c5!} 47. Nc5 (47. h5 $19 Rb7 48. Kg2) 47... Rb4 $17 48. h5 $2 (48. Nfe4 $17 {only move.}) 48... a5 {White must now prevent ...a4.} 49. Kf2 $2 (49. Nfe4) 49... Rf4+ {Precision: White = 43%, Black = 57%.} 0-1

[Event "V Sunway Sitges Open 2018"]
[Site "Sitges"]
[Date "2018.12.14"]
[Round "1"]
[White "Llaneza Vega, Patricia"]
[Black "Del Rio De Angelis, Salvador G."]
[Result "1/2-1/2"]
[WhiteElo "2165"]
[BlackElo "2546"]
[Annotator "TA"]
[PlyCount "44"]
[EventDate "2018.12.14"]
[EventType "swiss"]
[EventCountry "ESP"]
[SourceTitle "playchess.com"]
[Source "ChessBase"]
[SourceQuality "1"]

{[%evp 15,44,46,45,14,37,13,14,11,47,52,52,55,64,46,85,66,111,52,97,98,96,57,92,0,0,0,0,0,0,0,0]} 1. e4 Nf6 {[%cal Bg8f6,Bf6d5,Bd5b6][%mdl 32]} 2. e5 Nd5 3. d4 d6 4. Nf3 dxe5 5. Nxe5 g6 6. c4 Nb6 7. Nc3 Bg7 8. Be3 O-O {LiveBook: 18 Games. B04: Alekhine's Defence: 4 Nf3} 9. Rc1 c5 10. Be2 cxd4 11. Bxd4 ({Don't play} 11. Qxd4 N6d7 $17) 11... Na6 $146 ({Predecessor:} 11... Bh6 12. Ra1 f6 13. Ng4 Bxg4 14. Bxg4 Nc6 15. Bc5 Ne5 16. Be6+ {1-0 (45) Grischuk,A (2606)-Baburin,A (2590) Torshavn 2000}) 12. O-O f6 13. Nf3 {Black must now prevent c5.} e5 14. Be3 {[#] Threatens to win with c5.} Be6 15. Nb5 Nc8 16. Qa4 (16. c5 $16) 16... Qe7 17. c5 $36 {[%mdl 2048] White is on the roll.} Nc7 18. Nxc7 Qxc7 {[#]} 19. c6 (19. Rfd1 $1 $16) 19... Nb6 $11 {The position is equal.} 20. cxb7 Qxb7 21. Qb5 Rab8 22. b3 Nd5 {Accuracy: White = 52%, Black = 56%.} 1/2-1/2

[Event "V Sunway Sitges Open 2018"]
[Site "Sitges"]
[Date "2018.12.14"]
[Round "1"]
[White "Dev, Shah"]
[Black "Kelires, Andreas"]
[Result "0-1"]
[WhiteElo "2159"]
[BlackElo "2535"]
[Annotator "TA"]
[PlyCount "62"]
[EventDate "2018.12.14"]
[EventType "swiss"]
[EventCountry "ESP"]
[SourceTitle "playchess.com"]
[Source "ChessBase"]
[SourceQuality "1"]

{[%evp 13,62,37,50,52,44,15,15,15,20,7,8,4,14,3,15,0,60,58,55,0,0,0,1,0,0,-31,-19,-25,0,-79,-73,-97,-96,-155,-152,-351,-279,-769,-769,-768,-768,-29987,-29988,-29990,-901,-1028,-892,-962,-947,-1117,-1106]} 1. d4 Nf6 2. c4 e6 3. Nc3 Bb4 4. e3 b6 5. Nge2 Bb7 6. a3 Bd6 7. Ng3 {E44: Nimzo-Indian: Rubinstein: 4...b6 5 Ne2} (7. Qc2 c5 8. d5 O-O 9. g3 Re8 10. Bg2 Bf8 11. O-O e5 12. h3 h5 13. e4 d6 14. Bg5 Be7 15. Bxf6 Bxf6 {1-0 (70) Di Berardino,D (2523)-Delgado Ramirez,N (2611) Foz do Iguacu 2018}) 7... h5 {LiveBook: 18 Games} 8. Qc2 h4 9. Nge4 {White is slightly better.} (9. Nge2 {keeps more tension.} c5 10. d5 Ba6 11. b3 exd5 12. cxd5 Be7 13. h3) 9... Nxe4 10. Nxe4 Be7 11. h3 c5 12. Nc3 cxd4 13. exd4 O-O 14. Be3 d6 $146 (14... Bg5 $11) ({Predecessor:} 14... Bf6) 15. Bd3 $1 $14 Nd7 16. O-O-O (16. Qe2 $14) 16... Rc8 $11 17. Rhg1 d5 18. cxd5 Bxd5 19. Ba6 Rc7 20. g3 f5 21. Bd3 (21. Kb1 $11) 21... Nf6 22. gxh4 Ne4 23. Bxe4 ({Better is} 23. Bf4 Bd6 24. Bxd6 Qxd6 25. Bxe4 Bxe4 26. Qe2) 23... Bxe4 $17 24. Qd2 $2 (24. Qb3 $17 Bd5 25. Qc2) 24... Qd7 ({Weaker is} 24... Bxh4 25. Bf4 $15) 25. Bf4 $2 {[#]} (25. f3 Bxf3 26. Rdf1 Rxc3+ 27. Qxc3) 25... Rxc3+ $1 $19 {[%mdl 512]} 26. Qxc3 (26. bxc3 Bxa3+) 26... Rc8 27. Be5 Rxc3+ 28. bxc3 Bxa3+ (28... Qa4 $142 29. Rxg7+ Kf8 30. Kd2 Qc2+ 31. Ke3 Qxd1 32. Rxe7 Qf3+ {[%mdl 64] Double Attack, Zwischenzug} 33. Kd2 Kxe7 34. Bd6+ Ke8 35. Be5 Qd3+ 36. Ke1 Bf3 37. Bh8 Qe2#) 29. Kd2 {Black is clearly winning.} Bf8 30. h5 Qb5 {( -> ...Qd3+)} 31. Ke3 Qc4 {Accuracy: White = 31%, Black = 76%.} 0-1

[Event "V Sunway Sitges Open 2018"]
[Site "Sitges"]
[Date "2018.12.14"]
[Round "1"]
[White "Ansat, Aldiyar"]
[Black "Chkhaidze, Nikoloz"]
[Result "1-0"]
[WhiteElo "1807"]
[BlackElo "2297"]
[Annotator "TA"]
[PlyCount "189"]
[EventDate "2018.12.14"]
[EventType "swiss"]
[EventCountry "ESP"]
[SourceTitle "playchess.com"]
[Source "ChessBase"]
[SourceQuality "1"]

{[%evp 14,189,0,-27,0,-8,6,0,15,16,16,18,16,12,26,7,6,6,37,42,41,0,15,23,29,9,24,0,115,35,34,20,404,12,22,22,23,15,9,0,0,0,0,-36,-23,-33,-20,-22,-20,-91,-96,-77,-80,-320,-155,-139,33,36,44,47,47,32,47,-296,34,16,58,0,3,0,0,0,0,-8,0,0,0,0,8,-5,-5,-6,-8,-15,-4,-4,0,0,8,8,108,104,114,116,114,69,104,25,32,17,20,8,8,8,18,0,8,0,4,4,4,4,24,0,0,0,0,-18,-18,-18,-8,-8,-8,-8,-8,-8,63,8,8,8,70,70,70,70,70,70,70,69,69,69,226,191,294,192,227,198,631,631,531,658,669,669,667,493,1247,1247,1247,1247,1247,669,1364,667,667,666,658,658,658,658,658,658,658,616,556,303,584,28,5057,4926]} 1. e4 c5 2. c3 d5 3. exd5 Qxd5 4. d4 Nf6 5. Nf3 e6 6. Bd3 Be7 7. O-O O-O 8. Bg5 {LiveBook: 9 Games} Rd8 {B22: Sicilian: 2 c3} (8... h6 $5 {[%cal Rh6g5]} 9. Bxf6 Bxf6 $11) (8... Nbd7 9. Re1 b6 10. c4 Qd6 11. Nc3 cxd4 12. Nb5 Qc5 13. Nbxd4 Bb7 14. Qe2 Rfe8 15. Rad1 Bf8 16. Bc2 {½-½ (38) Kamsky,G (2666)-Alekseev,E (2620) Sochi 2018}) 9. Qe2 Nc6 {[%cal Rc5d4]} 10. Bc4 Qd6 $146 {[%cal Rc5d4] The position is equal.} ({Predecessor:} 10... Qf5 11. dxc5 Bxc5 12. Nbd2 Be7 13. Rfd1 Na5 14. Bxf6 Bxf6 15. Ne4 Nxc4 16. Qxc4 {1-0 (36) Vajda,L (2510)-Papp,P (2230) Roszke 2011}) 11. dxc5 Qxc5 12. Nbd2 {[%cal Bb1d2,Bd2e4,Be4g3][%mdl 32]} b6 13. Rad1 Bb7 14. Bxf6 gxf6 15. Ne4 $36 {[%mdl 2048] White has good play.} Qh5 16. Ng3 Qg4 17. h3 Qf4 18. Ba6 Bxa6 19. Qxa6 Bc5 20. b4 Bd6 (20... Qxg3 $11 21. bxc5 Qc7) 21. Nd4 (21. Qb7 $16 Ne5 22. Rd4) 21... Ne7 $1 $14 22. Nde2 Qe5 $2 {[%mdl 8192]} (22... Qh6 $11) 23. Rd3 $2 (23. f4 $1 $18 {[%cal Rf4e5]} Qe3+ 24. Kh2) 23... f5 $1 $11 {[%cal Rf5f4] And now ...f4 would win.} 24. f4 Qf6 $1 25. a3 Ng6 26. Kh1 Qh4 {[%cal Rd6f4]} 27. Rd4 Bf8 28. Rfd1 Rxd4 29. Rxd4 Bg7 30. Qb7 Rf8 31. Rd3 (31. Rc4 $1 $11 {remains equal.}) 31... Nxf4 $17 32. Nxf4 Qxf4 33. Qe7 $2 (33. Qxa7 $17 {was necessary.} Qc1+ 34. Kh2) 33... h6 (33... Qc1+ $19 34. Kh2 Be5) 34. Qxa7 e5 $2 (34... b5 $17 35. Rf3 Qd6) 35. Rf3 $14 Qc1+ 36. Rf1 Qxc3 37. Nxf5 Qc4 $1 {[%cal Rc4f1]} 38. Rf3 $2 {[%mdl 8192] [#]} (38. Kg1 $14 {keeps the upper hand.}) 38... Qe6 $2 ({Black should try} 38... e4 $1 $19 {[%cal Re4f3]} 39. Rf2 Qc1+ 40. Kh2 e3) 39. Qc7 Kh7 40. Qc2 (40. Nxg7 $14 Kxg7 41. Rc3) 40... e4 41. Rf4 Be5 42. Rf1 Bb8 43. Qc3 {[%csl Gf5][%cal Rc3g7]} Rg8 44. Qd4 Rg6 45. Ne3 b5 46. Qd5 Qxd5 47. Nxd5 $11 {[%mdl 4096] Endgame KRB-KRN} Kg7 {Threatening ...Ra6.} 48. Nc3 e3 (48... Rg3 {looks sharper.} 49. Rc1 Bf4 50. Rc2 Be5 51. Nxb5 Rb3) 49. Re1 Re6 50. g4 Bf4 51. Kg2 h5 (51... e2 $1 $11 52. Rxe2 Rxe2+ 53. Nxe2 Be5) 52. Nxb5 $16 ({Much weaker is} 52. gxh5 $6 Re5 $11) 52... hxg4 53. hxg4 Bg5 54. Nd4 Ra6 {[#]} 55. Nf5+ (55. Nc2 $1 $16) 55... Kg6 $11 56. Nxe3 Rxa3 57. Nc4 Rb3 58. Re4 Kg7 59. Nd6 Kg6 60. b5 Bd8 61. Rc4 Be7 62. Nc8 Bd8 63. b6 Kg5 64. Rc6 Kxg4 65. Rd6 {Black must now prevent Rd4+.} Rb2+ 66. Kf1 Bh4 {next ...f5 is good for Black.} 67. Rd4+ Kh3 68. Rd3+ Bg3 69. Rf3 Rb4 (69... Kg4 $11 70. Rxf7 Bf4) 70. Rxf7 (70. Ke2 $14) 70... Re4 {[%csl Gg3][%cal Re4e1]} 71. Re7 Rc4 (71... Rxe7 $11 72. Nxe7 Kg4) 72. b7 $1 $14 Rb4 73. Ke2 Kg4 74. Rg7+ Kf4 75. Na7 Rb2+ 76. Kd3 {aiming for Kc4.} Kf3 $2 ({Black should play} 76... Ke5 $14) 77. Nc6 {Threatens to win with Nd4+.} Rb6 (77... Bh2 $142 78. Kd4 Rb1) 78. Kd4 Bh2 79. Rf7+ Ke2 $2 (79... Kg4) 80. Kc5 $18 Rb1 81. Nd4+ Kd3 {intending ...Bg1.} 82. Nb5 Rc1+ 83. Kd5 Ke3 (83... Rd1 $142 84. Rf3+ Ke2+ 85. Ke4 Rd7) 84. Rh7 {Rh3+ would kill now.} Rd1+ 85. Kc6 Rc1+ 86. Kd7 {White wants to mate with Rh3+.} Bf4 87. Rh3+ (87. Re7+ $142 Kd3 88. Rf7) 87... Kf2 88. Rh8 Rd1+ 89. Kc6 Rc1+ 90. Kb6 Kg3 91. Rd8 Rb1 92. Rd3+ Kg2 93. Kc6 Rb2 $2 (93... Rc1+ 94. Kb6 Rb1) 94. Nd6 $2 (94. Na3 $18 {Strongly threatening Rd4.} Rb4 95. Rd7) 94... Rb1 $2 {[%mdl 8192]} (94... Rc2+ $11 95. Kb6 Rb2+ 96. Nb5 Bh2) 95. Rd5 {Accuracy: White = 45%, Black = 39%.} 1-0